| 000 | ncm a22 a 4500 | ||
|---|---|---|---|
| 999 |
_c351134 _d351134 |
||
| 003 | BLK | ||
| 005 | 20201007040703.0 | ||
| 008 | 200401b bu ||||| |||| 00| 0 bu d | ||
| 040 | _aBLK | ||
| 041 |
_aBUL _cBUL |
||
| 080 |
_aИнструментална музика _b785 _z785 _x(497.2) |
||
| 100 |
_aВасилев, Милчо _eпърви автор _91299 |
||
| 139 |
_aВасилев, Милчо _bВ 24 |
||
| 245 |
_aЕтюди за кавал и гайда _bНотирана музика _cМилчо Василев |
||
| 260 |
_9209430 _aСофия _bМузика _c1984 |
||
| 300 |
_a1 партитура (36 с.) _c30 см |
||
| 380 | _a7 | ||
| 650 | 7 |
_9158071 _aКавал |
|
| 650 | 7 |
_9151693 _aГайда - пиеси, ръченици, хора |
|
| 852 | _aМ ІІ 9458 | ||
| 942 |
_cNOT _n0 _s1 |
||
| 944 |
_aCR _c2020-04-03 _kК.Д. |
||
| 999 | _d351134 | ||
| 999 | _d350431 | ||
| 999 | _d350427 | ||
| 999 | _d350423 | ||
| 999 | _d350421 | ||
| 999 | _d350417 | ||
| 999 | _d350413 | ||
| 999 | _d350410 | ||
| 999 | _d350406 | ||
| 999 | _d350404 | ||
| 999 | _d350402 | ||
| 999 | _d350399 | ||
| 999 | _d350397 | ||
| 999 | _d350375 | ||
| 999 | _d350374 | ||
| 999 | _d350372 | ||
| 999 | _d350368 | ||
| 999 | _d350366 | ||
| 999 | _d350365 | ||
| 999 | _d350362 | ||
| 999 | _d350360 | ||
| 999 | _d350358 | ||
| 999 | _d350354 | ||
| 999 | _d350352 | ||
| 999 | _d350348 | ||
| 999 | _d350346 | ||
| 999 | _d350342 | ||